000 00549nam a2200157 a 4500
001 ASIN8180690334
005 20141014195612.0
008 141014s2003 xxu eng d
020 _a8180690334 (hardcover)
020 _a9788180690334 (hardcover)
100 1 _aChaturvedi, Pradeep.
245 1 0 _aEnergy environment and sustainable development /
_cPradeep Chaturvedi.
260 _a[S.l.] :
_bConcept Publishing Co,
_c2003.
300 _a1 v. (unpaged)
856 4 0 _3Amazon.com
_uhttp://www.amazon.com/exec/obidos/ASIN/8180690334/chopaconline-20
999 _c10912
_d10912